Cálculo de probabilidades y sus usos. (Record no. 6217)
[ view plain ]
| 000 -CABECERA | |
|---|---|
| campo de control de longitud fija | 00854ngm a2200181 a 4500 |
| 005 - FECHA Y HORA DE LA ÚLTIMA TRANSACCIÓN | |
| campo de control | 20260417064125.0 |
| 008 - ELEMENTOS DE LONGITUD FIJA--INFORMACIÓN GENERAL | |
| campo de control de longitud fija | 991125s1973 mx 015 aaspa u |
| 035 ## - NÚMERO DE CONTROL DEL SISTEMA | |
| Número de control de sistema | UPN01000006217 |
| 049 ## - COLECCIÓN | |
| Colección | AV |
| 050 #4 - SIGNATURA TOPOGRÁFICA DE LA BIBLIOTECA DEL CONGRESO | |
| Número de clasificación | PVI AC 0598 |
| 245 00 - MENCIÓN DE TÍTULO | |
| Título | Cálculo de probabilidades y sus usos. |
| 260 ## - PUBLICACIÓN, DISTRIBUCIÓN, ETC. | |
| Lugar de publicación, distribución, etc. | México : |
| Nombre del editor, distribuidor, etc. | Centro Visual Educativo, |
| Fecha de publicación, distribución, etc. | 1973. |
| 300 ## - DESCRIPCIÓN FÍSICA | |
| Extensión | 1 videocasete (VHS) (15 min.) : |
| Otras características físicas | son., col. |
| 520 ## - NOTA DE RESUMEN, ETC. | |
| Sumario, etc. | A través de una serie de experimentos se muestra en qué consiste el cálculo, siendo ésta una rama de las matemáticas que consiste básicamente en las posibilidades de predecir un hecho a partir de una probabilidad matemática y sus posibles resultados utilizando por ejemplo la notación de conjuntos |
| 650 #4 - ASIENTO SECUNDARIO DE MATERIA - TERMINO TEMATICO | |
| Término de materia o nombre geográfico como elemento de entrada | Cálculo |
| Subdivisión general | Estudio y enseñanza |
| 9 (RLIN) | 4502 |
| 650 #4 - ASIENTO SECUNDARIO DE MATERIA - TERMINO TEMATICO | |
| Término de materia o nombre geográfico como elemento de entrada | PROBABILIDADES - |
| Subdivisión general | ESTUDIO Y ENSEÑANZA |
| 9 (RLIN) | 20205 |
| 905 ## - TIPO DE MATERIAL | |
| Tipo de material | Audiovisuales |
| Estado de retiro | Estado de pérdida | Fuente del sistema de clasificación o colocación | Estado dañado | No para préstamo | Código de colección | Localización permanente | Ubicación/localización actual | Ubicación en estantería | Total de préstamos | Clasificación | Código de barras | Fecha visto por última vez | Número de copia | Tipo de ítem Koha |
|---|---|---|---|---|---|---|---|---|---|---|---|---|---|---|
| Library of Congress Classification | Audiovisuales | Bib. Gregorio Torres Quintero | Bib. Gregorio Torres Quintero | Audiovisual | PVI AC 0598 | 0598PVI | 31/12/2020 | 1 | Videocasete |
